[Event "Hastings Masters 2016/17"]
[Site "Hastings, England"]
[Date "2017.01.03"]
[Round "7.1"]
[White "Sethuraman, S.P."]
[Black "Rasmussen, Allan Stig"]
[Result "1-0"]
[WhiteElo "2647"]
[BlackElo "2502"]
[PlyCount "0"]
[EventDate "2016.12.28"]

1. e4 {[%clk 1:40:42]} c6 {[%clk 1:40:55]} 2. d4 {[%clk 1:41:07]} d5
{[%clk 1:41:21]} 3. Nc3 {[%clk 1:41:31]} dxe4 {[%clk 1:41:45]} 4. Nxe4
{[%clk 1:41:55]} Nd7 {[%clk 1:42:05]} 5. Ng5 {[%clk 1:42:02]} Ngf6
{[%clk 1:42:20]} 6. Bd3 {[%clk 1:42:24]} e6 {[%clk 1:42:41]} 7. N1f3
{[%clk 1:42:33]} Bd6 {[%clk 1:43:01]} 8. Qe2 {[%clk 1:42:46]} h6 {[%clk 1:43:15]}
9. Ne4 {[%clk 1:43:11]} Nxe4 {[%clk 1:43:41]} 10. Qxe4 {[%clk 1:43:37]} Qc7
{[%clk 1:43:57]} 11. O-O {[%clk 1:43:09]} b6 {[%clk 1:44:22]} 12. Qg4
{[%clk 1:43:07]} Kf8 {[%clk 1:44:46]} 13. b3 {[%clk 1:43:21]} Bb7
{[%clk 1:44:28]} 14. Re1 {[%clk 1:43:44]} Nf6 {[%clk 1:44:45]} 15. Qh3
{[%clk 1:43:17]} Bb4 {[%clk 1:45:06]} 16. Re2 {[%clk 1:37:44]} Bc3
{[%clk 1:44:35]} 17. Rb1 {[%clk 1:35:32]} c5 {[%clk 1:43:39]} 18. dxc5
{[%clk 1:33:58]} bxc5 {[%clk 1:43:59]} 19. Bc4 {[%clk 1:30:34]} Nd5
{[%clk 1:17:35]} 20. Ng5 {[%clk 1:14:10]} Bd4 {[%clk 1:13:10]} 21. Bxd5
{[%clk 1:07:58]} Bxd5 {[%clk 1:02:47]} 22. c3 {[%clk 1:05:47]} Be5
{[%clk 1:00:48]} 23. Nxf7 {[%clk 0:57:51]} Kxf7 {[%clk 0:45:01]} 24. Qh5+
{[%clk 0:55:33]} g6 {[%clk 0:31:52]} 25. Qxe5 {[%clk 0:55:57]} Qxe5
{[%clk 0:32:17]} 26. Rxe5 {[%clk 0:56:23]} c4 {[%clk 0:30:29]} 27. b4
{[%clk 0:50:21]} a6 {[%clk 0:27:44]} 28. Be3 {[%clk 0:50:44]} Rab8
{[%clk 0:27:00]} 29. f3 {[%clk 0:49:49]} Rb7 {[%clk 0:27:07]} 30. a4
{[%clk 0:49:26]} Ke7 {[%clk 0:18:25]} 31. Rd1 {[%clk 0:48:43]} Rd7
{[%clk 0:18:00]} 32. Bc5+ {[%clk 0:48:11]} Kf7 {[%clk 0:18:21]} 33. Rd4
{[%clk 0:30:36]} Kg7 {[%clk 0:16:12]} 34. Rf4 {[%clk 0:27:25]} Re8
{[%clk 0:13:00]} 35. Bd4 {[%clk 0:27:12]} Kh7 {[%clk 0:13:18]} 36. h4
{[%clk 0:26:51]} h5 {[%clk 0:11:58]} 37. Rf6 {[%clk 0:26:14]} Rg8
{[%clk 0:05:54]} 38. Kf2 {[%clk 0:24:52]} Rgg7 {[%clk 0:05:58]} 39. Rg5
{[%clk 0:24:22]} Rg8 {[%clk 0:04:11]} 40. g4 {[%clk 0:22:48]} hxg4
{[%clk 0:04:21]} 41. h5 {[%clk 0:22:49]} Bxf3 {[%clk 0:02:55]} 42. Rgxg6
{[%clk 0:18:19]} Rgg7 {[%clk 0:43:59]} 43. Rxe6 {[%clk 1:07:31]} Bd5
{[%clk 0:42:33]} 44. Rxa6 {[%clk 1:06:45]} Bb7 {[%clk 0:39:19]} 45. Rh6+
{[%clk 1:04:37]} Kg8 {[%clk 0:39:47]} 46. Rag6 {[%clk 1:04:55]} Rxg6
{[%clk 0:37:24]} 47. hxg6 {[%clk 1:05:10]} Rxd4 {[%clk 0:37:26]} 48. cxd4
{[%clk 1:05:34]} c3 {[%clk 0:37:39]} 49. Rh7 {[%clk 1:05:52]} 1-0

[Event "Hastings Masters 2016/17"]
[Site "Hastings, England"]
[Date "2017.01.03"]
[Round "7.2"]
[White "Sengupta, Deep"]
[Black "Fier, Alexandr"]
[Result "1-0"]
[WhiteElo "2575"]
[BlackElo "2590"]
[PlyCount "0"]
[EventDate "2016.12.28"]

1. e4 {[%clk 1:40:56]} c5 {[%clk 1:40:55]} 2. Nf3 {[%clk 1:41:23]} d6
{[%clk 1:41:19]} 3. d4 {[%clk 1:41:49]} cxd4 {[%clk 1:41:45]} 4. Nxd4
{[%clk 1:42:14]} Nf6 {[%clk 1:42:10]} 5. Nc3 {[%clk 1:42:39]} a6 {[%clk 1:42:37]}
6. h3 {[%clk 1:42:47]} e5 {[%clk 1:43:02]} 7. Nde2 {[%clk 1:43:12]} h5
{[%clk 1:43:29]} 8. Bg5 {[%clk 1:43:37]} Be6 {[%clk 1:43:55]} 9. Bxf6
{[%clk 1:43:58]} Qxf6 {[%clk 1:44:20]} 10. Nd5 {[%clk 1:44:22]} Qd8
{[%clk 1:44:47]} 11. Qd3 {[%clk 1:44:46]} Nd7 {[%clk 1:45:14]} 12. Nec3
{[%clk 1:44:39]} g6 {[%clk 1:45:37]} 13. O-O-O {[%clk 1:44:48]} Nc5
{[%clk 1:43:55]} 14. Qe2 {[%clk 1:45:12]} Bh6+ {[%clk 1:43:52]} 15. Kb1
{[%clk 1:45:36]} b5 {[%clk 1:42:50]} 16. a3 {[%clk 1:43:49]} Rb8 {[%clk 1:38:38]}
17. h4 {[%clk 1:40:35]} Bd7 {[%clk 1:36:52]} 18. g3 {[%clk 0:49:44]} a5
{[%clk 1:36:57]} 19. Bh3 {[%clk 0:50:03]} Bxh3 {[%clk 1:27:35]} 20. Rxh3
{[%clk 0:49:07]} b4 {[%clk 1:27:59]} 21. Nb5 {[%clk 0:48:32]} O-O
{[%clk 1:25:40]} 22. c4 {[%clk 0:41:21]} bxa3 {[%clk 1:25:22]} 23. g4
{[%clk 0:40:58]} hxg4 {[%clk 1:21:39]} 24. Rxa3 {[%clk 0:38:18]} f5
{[%clk 1:22:01]} 25. Ndc3 {[%clk 0:34:03]} Rb6 {[%clk 1:13:34]} 26. Rxa5
{[%clk 0:29:04]} Qxh4 {[%clk 1:13:55]} 27. Nxd6 {[%clk 0:28:03]} Nb3
{[%clk 1:13:20]} 28. Rxe5 {[%clk 0:22:10]} Qf6 {[%clk 1:05:25]} 29. c5
{[%clk 0:19:37]} Rxd6 {[%clk 1:01:17]} 30. cxd6 {[%clk 0:18:26]} Qxe5
{[%clk 1:01:42]} 31. Qc4+ {[%clk 0:18:53]} Kh8 {[%clk 0:58:27]} 32. Qxb3
{[%clk 0:19:18]} fxe4 {[%clk 0:58:54]} 33. d7 {[%clk 0:17:01]} Bg5
{[%clk 0:57:29]} 34. Qb6 {[%clk 0:15:30]} g3 {[%clk 0:48:04]} 35. fxg3
{[%clk 0:07:34]} Kg7 {[%clk 0:48:26]} 36. d8=Q {[%clk 0:05:53]} Bxd8
{[%clk 0:48:53]} 37. Rxd8 {[%clk 0:06:18]} Rxd8 {[%clk 0:49:20]} 38. Qxd8
{[%clk 0:06:43]} e3 {[%clk 0:49:48]} 39. Qd7+ {[%clk 0:06:39]} Kh6
{[%clk 0:49:55]} 40. Qg4 {[%clk 0:06:48]} 1-0

[Event "Hastings Masters 2016/17"]
[Site "Hastings, England"]
[Date "2017.01.03"]
[Round "7.3"]
[White "Karthikeyan, Murali"]
[Black "Gledura, Benjamin"]
[Result "1-0"]
[WhiteElo "2530"]
[BlackElo "2584"]
[PlyCount "0"]
[EventDate "2016.12.28"]

1. e4 {[%clk 1:40:54]} e5 {[%clk 1:40:54]} 2. Nf3 {[%clk 1:41:18]} Nc6
{[%clk 1:41:18]} 3. Bb5 {[%clk 1:41:42]} a6 {[%clk 1:41:37]} 4. Ba4
{[%clk 1:42:05]} Nf6 {[%clk 1:42:00]} 5. O-O {[%clk 1:42:14]} Be7
{[%clk 1:42:12]} 6. d3 {[%clk 1:42:27]} d6 {[%clk 1:41:58]} 7. c3
{[%clk 1:42:31]} O-O {[%clk 1:42:00]} 8. Re1 {[%clk 1:42:39]} Bd7
{[%clk 1:39:04]} 9. Nbd2 {[%clk 1:37:05]} h6 {[%clk 1:38:09]} 10. d4
{[%clk 1:19:33]} Re8 {[%clk 1:11:46]} 11. d5 {[%clk 0:49:15]} Nb8
{[%clk 1:10:41]} 12. Bc2 {[%clk 0:49:08]} Bg4 {[%clk 0:50:56]} 13. Nf1
{[%clk 0:39:53]} Nh7 {[%clk 0:49:32]} 14. h3 {[%clk 0:36:47]} Bh5
{[%clk 0:46:53]} 15. Ng3 {[%clk 0:24:42]} Bxf3 {[%clk 0:38:06]} 16. Qxf3
{[%clk 0:24:48]} Bg5 {[%clk 0:38:15]} 17. Ba4 {[%clk 0:22:27]} b5
{[%clk 0:28:14]} 18. Bc2 {[%clk 0:22:16]} Nd7 {[%clk 0:24:50]} 19. a4
{[%clk 0:22:30]} Rb8 {[%clk 0:23:14]} 20. axb5 {[%clk 0:20:11]} axb5
{[%clk 0:23:35]} 21. b4 {[%clk 0:20:21]} Nb6 {[%clk 0:21:07]} 22. Bd3
{[%clk 0:18:22]} Rf8 {[%clk 0:19:14]} 23. Ra5 {[%clk 0:14:50]} Nc4
{[%clk 0:17:40]} 24. Bxc4 {[%clk 0:14:31]} bxc4 {[%clk 0:18:05]} 25. Bxg5
{[%clk 0:11:57]} Qxg5 {[%clk 0:16:51]} 26. Qe2 {[%clk 0:11:16]} Qf4
{[%clk 0:16:05]} 27. Qxc4 {[%clk 0:09:47]} f5 {[%clk 0:16:22]} 28. Qxc7
{[%clk 0:06:27]} Rbc8 {[%clk 0:16:21]} 29. Qd7 {[%clk 0:05:01]} Rcd8
{[%clk 0:11:51]} 30. Qe6+ {[%clk 0:04:10]} Rf7 {[%clk 0:12:14]} 31. Ra7
{[%clk 0:01:29]} Ng5 {[%clk 0:11:52]} 32. Rxf7 {[%clk 0:01:53]} Nxe6
{[%clk 0:12:17]} 33. dxe6 {[%clk 0:02:19]} Rf8 {[%clk 0:11:34]} 34. Rxg7+
{[%clk 0:02:34]} Kh8 {[%clk 0:11:37]} 35. Ra1 {[%clk 0:01:25]} fxe4
{[%clk 0:03:48]} 36. Raa7 {[%clk 0:01:49]} Qxf2+ {[%clk 0:03:59]} 37. Kh2
{[%clk 0:02:08]} Qf6 {[%clk 0:04:15]} 38. Rh7+ {[%clk 0:02:26]} Kg8
{[%clk 0:04:40]} 39. Nh5 {[%clk 0:02:50]} 1-0

[Event "Hastings Masters 2016/17"]
[Site "Hastings, England"]
[Date "2017.01.03"]
[Round "7.4"]
[White "Gormally, Daniel W"]
[Black "Das, Arghyadip"]
[Result "1/2-1/2"]
[WhiteElo "2493"]
[BlackElo "2399"]
[PlyCount "0"]
[EventDate "2016.12.28"]

1. d4 {[%clk 1:40:41]} Nf6 {[%clk 1:39:59]} 2. c4 {[%clk 1:40:32]} g6
{[%clk 1:40:23]} 3. Nc3 {[%clk 1:40:16]} d5 {[%clk 1:40:49]} 4. cxd5
{[%clk 1:37:14]} Nxd5 {[%clk 1:41:13]} 5. e4 {[%clk 1:36:55]} Nxc3
{[%clk 1:41:37]} 6. bxc3 {[%clk 1:37:20]} Bg7 {[%clk 1:42:02]} 7. Nf3
{[%clk 1:36:00]} c5 {[%clk 1:41:58]} 8. Be3 {[%clk 1:30:27]} Qa5 {[%clk 1:41:05]}
9. Qd2 {[%clk 1:30:33]} Nc6 {[%clk 1:41:20]} 10. Rc1 {[%clk 1:30:10]} cxd4
{[%clk 1:40:50]} 11. cxd4 {[%clk 1:29:03]} Qxd2+ {[%clk 1:41:07]} 12. Kxd2
{[%clk 1:28:53]} O-O {[%clk 1:40:00]} 13. d5 {[%clk 1:28:44]} Rd8
{[%clk 1:39:56]} 14. Ke1 {[%clk 1:25:14]} Na5 {[%clk 1:39:31]} 15. Bg5
{[%clk 1:17:22]} Bd7 {[%clk 1:37:06]} 16. Bd3 {[%clk 1:15:40]} f5
{[%clk 1:16:29]} 17. Bxe7 {[%clk 1:03:04]} Re8 {[%clk 1:06:44]} 18. d6
{[%clk 1:03:23]} fxe4 {[%clk 0:59:43]} 19. Bxe4 {[%clk 1:01:35]} Bc6
{[%clk 0:59:42]} 20. Nd2 {[%clk 0:53:44]} Bf8 {[%clk 0:51:39]} 21. Bxf8
{[%clk 0:47:25]} Kxf8 {[%clk 0:49:31]} 22. f3 {[%clk 0:44:25]} Re6
{[%clk 0:39:52]} 23. Rf1 {[%clk 0:39:09]} Rd8 {[%clk 0:35:19]} 24. Rf2
{[%clk 0:39:12]} Rexd6 {[%clk 0:28:46]} 25. Bxc6 {[%clk 0:35:18]} Nxc6
{[%clk 0:29:09]} 26. Ne4 {[%clk 0:35:32]} Nb4 {[%clk 0:28:16]} 27. Nxd6
{[%clk 0:29:50]} Nd3+ {[%clk 0:28:28]} 28. Kd2 {[%clk 0:25:16]} Nxc1
{[%clk 0:27:19]} 29. Kxc1 {[%clk 0:25:19]} 1/2-1/2

[Event "Hastings Masters 2016/17"]
[Site "Hastings, England"]
[Date "2017.01.03"]
[Round "7.5"]
[White "Hebden, Mark L"]
[Black "Haria, Ravi"]
[Result "0-1"]
[WhiteElo "2492"]
[BlackElo "2382"]
[PlyCount "0"]
[EventDate "2016.12.28"]

1. d4 {[%clk 1:40:42]} e6 {[%clk 1:40:48]} 2. Nf3 {[%clk 1:40:47]} Nf6
{[%clk 1:40:43]} 3. e3 {[%clk 1:40:40]} d5 {[%clk 1:39:44]} 4. c4
{[%clk 1:40:52]} a6 {[%clk 1:39:43]} 5. a3 {[%clk 1:39:50]} dxc4 {[%clk 1:35:56]}
6. Bxc4 {[%clk 1:35:58]} b5 {[%clk 1:35:49]} 7. Be2 {[%clk 1:35:22]} Bb7
{[%clk 1:35:59]} 8. a4 {[%clk 1:33:43]} c6 {[%clk 1:25:43]} 9. Nbd2
{[%clk 1:33:08]} Nbd7 {[%clk 1:24:28]} 10. O-O {[%clk 1:33:13]} Bd6
{[%clk 1:19:47]} 11. Nb3 {[%clk 1:22:24]} O-O {[%clk 1:18:42]} 12. Bd2
{[%clk 1:17:50]} b4 {[%clk 1:15:40]} 13. Ne5 {[%clk 1:11:03]} a5 {[%clk 1:00:46]}
14. Nc4 {[%clk 1:10:01]} Bc7 {[%clk 0:59:04]} 15. Bf3 {[%clk 1:07:16]} Qe7
{[%clk 0:54:53]} 16. Qc2 {[%clk 1:01:33]} e5 {[%clk 0:49:16]} 17. dxe5
{[%clk 1:01:11]} Nxe5 {[%clk 0:48:56]} 18. Nxe5 {[%clk 1:01:24]} Qxe5
{[%clk 0:49:15]} 19. g3 {[%clk 1:01:46]} Bb6 {[%clk 0:48:47]} 20. Rfd1
{[%clk 1:00:12]} Rac8 {[%clk 0:44:23]} 21. Rac1 {[%clk 0:55:05]} Rfd8
{[%clk 0:39:04]} 22. Be1 {[%clk 0:51:34]} Rxd1 {[%clk 0:35:40]} 23. Rxd1
{[%clk 0:51:50]} Ba6 {[%clk 0:34:45]} 24. Nd2 {[%clk 0:50:59]} Qe6
{[%clk 0:24:51]} 25. Rc1 {[%clk 0:47:55]} Ng4 {[%clk 0:24:19]} 26. Nc4
{[%clk 0:45:37]} Ne5 {[%clk 0:14:24]} 27. Nxe5 {[%clk 0:39:04]} Qxe5
{[%clk 0:14:36]} 28. Rd1 {[%clk 0:37:21]} c5 {[%clk 0:13:32]} 29. b3
{[%clk 0:36:48]} c4 {[%clk 0:12:36]} 30. Qe2 {[%clk 0:36:18]} g6 {[%clk 0:07:19]}
31. Bd5 {[%clk 0:34:56]} Qh5 {[%clk 0:05:26]} 32. g4 {[%clk 0:31:31]} Qe5
{[%clk 0:02:32]} 33. bxc4 {[%clk 0:30:43]} Qc7 {[%clk 0:02:02]} 34. Rc1
{[%clk 0:28:09]} Qd7 {[%clk 0:02:03]} 35. Qf3 {[%clk 0:26:20]} Rc7
{[%clk 0:01:10]} 36. h3 {[%clk 0:25:34]} Bc5 {[%clk 0:01:06]} 37. Bd2
{[%clk 0:24:34]} Bf8 {[%clk 0:01:06]} 38. e4 {[%clk 0:24:32]} Bb7
{[%clk 0:00:45]} 39. Bf4 {[%clk 0:24:00]} Rc8 {[%clk 0:00:50]} 40. Qb3
{[%clk 0:21:47]} Bc6 {[%clk 0:01:13]} 41. Ra1 {[%clk 0:20:55]} Bg7
{[%clk 0:48:30]} 42. Ra2 {[%clk 1:04:07]} Bxd5 {[%clk 0:46:00]} 43. exd5
{[%clk 1:04:11]} Qe8 {[%clk 0:46:01]} 44. Be3 {[%clk 0:58:36]} Qe4
{[%clk 0:46:04]} 45. c5 {[%clk 0:56:55]} Qf3 {[%clk 0:44:44]} 46. Qc4
{[%clk 0:56:02]} Be5 {[%clk 0:34:29]} 47. Kf1 {[%clk 0:56:08]} Qxh3+
{[%clk 0:34:22]} 48. Ke2 {[%clk 0:56:18]} b3 {[%clk 0:33:24]} 49. Rd2
{[%clk 0:54:47]} b2 {[%clk 0:32:42]} 50. Rxb2 {[%clk 0:42:17]} Bxb2
{[%clk 0:32:51]} 51. d6 {[%clk 0:42:40]} Rb8 {[%clk 0:19:55]} 52. d7
{[%clk 0:37:05]} Bf6 {[%clk 0:18:07]} 53. c6 {[%clk 0:32:53]} Rb2+
{[%clk 0:17:39]} 54. Bd2 {[%clk 0:32:27]} Qh6 {[%clk 0:17:41]} 55. Qd4
{[%clk 0:26:29]} Qxd2+ {[%clk 0:17:54]} 56. Qxd2 {[%clk 0:26:53]} Rxd2+
{[%clk 0:18:19]} 57. Kxd2 {[%clk 0:27:19]} Bd8 {[%clk 0:18:43]} 0-1

[Event "Hastings Masters 2016/17"]
[Site "Hastings, England"]
[Date "2017.01.03"]
[Round "7.6"]
[White "Ledger, Andrew J"]
[Black "Galyas, Miklos"]
[Result "1/2-1/2"]
[WhiteElo "2377"]
[BlackElo "2473"]
[PlyCount "0"]
[EventDate "2016.12.28"]

1. d4 {[%clk 1:40:56]} d6 {[%clk 1:40:50]} 2. c4 {[%clk 1:41:06]} f5
{[%clk 1:41:00]} 3. Nc3 {[%clk 1:40:50]} Nf6 {[%clk 1:41:18]} 4. Bg5
{[%clk 1:40:27]} Nbd7 {[%clk 1:41:25]} 5. e3 {[%clk 1:40:03]} g6 {[%clk 1:38:59]}
6. Bd3 {[%clk 1:37:46]} Bg7 {[%clk 1:39:13]} 7. Nge2 {[%clk 1:37:08]} e5
{[%clk 1:38:05]} 8. f3 {[%clk 1:35:35]} O-O {[%clk 1:34:44]} 9. O-O
{[%clk 1:34:48]} c6 {[%clk 1:31:14]} 10. Qd2 {[%clk 1:33:15]} Qe7
{[%clk 1:23:18]} 11. Rad1 {[%clk 1:25:44]} b6 {[%clk 1:05:06]} 12. Bc2
{[%clk 1:14:52]} Bb7 {[%clk 1:01:10]} 13. b4 {[%clk 1:04:13]} Rfd8
{[%clk 0:55:47]} 14. Bb3 {[%clk 0:58:15]} Kh8 {[%clk 0:54:14]} 15. a3
{[%clk 0:56:30]} Qf8 {[%clk 0:51:04]} 16. d5 {[%clk 0:47:17]} c5 {[%clk 0:50:14]}
17. Rc1 {[%clk 0:39:31]} Ba6 {[%clk 0:46:49]} 18. h3 {[%clk 0:38:02]} Rac8
{[%clk 0:43:07]} 19. b5 {[%clk 0:36:51]} Bb7 {[%clk 0:43:30]} 20. g4
{[%clk 0:36:45]} Ng8 {[%clk 0:31:56]} 21. Bxd8 {[%clk 0:35:42]} Qxd8
{[%clk 0:27:55]} 22. Kh2 {[%clk 0:31:20]} Bh6 {[%clk 0:18:09]} 23. gxf5
{[%clk 0:29:42]} gxf5 {[%clk 0:17:59]} 24. Rg1 {[%clk 0:29:09]} Qh4
{[%clk 0:14:36]} 25. Rcf1 {[%clk 0:26:09]} Rf8 {[%clk 0:14:29]} 26. Nd1
{[%clk 0:25:12]} Bc8 {[%clk 0:13:03]} 27. Qe1 {[%clk 0:24:53]} Qh5
{[%clk 0:12:21]} 28. Ng3 {[%clk 0:23:02]} Qh4 {[%clk 0:12:31]} 29. Ne2
{[%clk 0:22:04]} Qh5 {[%clk 0:12:54]} 30. f4 {[%clk 0:20:13]} Ndf6
{[%clk 0:12:15]} 31. Bc2 {[%clk 0:19:03]} Ne7 {[%clk 0:11:43]} 32. Ng3
{[%clk 0:13:58]} Qh4 {[%clk 0:11:59]} 33. Ne2 {[%clk 0:13:55]} Qh5
{[%clk 0:12:22]} 34. Ng3 {[%clk 0:11:39]} Qh4 {[%clk 0:12:43]} 35. Ne2
{[%clk 0:10:59]} 1/2-1/2

[Event "Hastings Masters 2016/17"]
[Site "Hastings, England"]
[Date "2017.01.03"]
[Round "7.7"]
[White "Kjartansson, Gudmundur"]
[Black "Thogersen, Rasmus"]
[Result "1-0"]
[WhiteElo "2468"]
[BlackElo "2161"]
[PlyCount "0"]
[EventDate "2016.12.28"]

1. Nf3 {[%clk 1:40:47]} Nf6 {[%clk 1:40:10]} 2. c4 {[%clk 1:41:08]} g6
{[%clk 1:40:36]} 3. g3 {[%clk 1:41:21]} Bg7 {[%clk 1:41:01]} 4. Bg2
{[%clk 1:41:40]} O-O {[%clk 1:41:23]} 5. O-O {[%clk 1:41:51]} d6 {[%clk 1:41:35]}
6. d4 {[%clk 1:42:15]} Nbd7 {[%clk 1:41:45]} 7. Nc3 {[%clk 1:42:39]} e5
{[%clk 1:42:11]} 8. e4 {[%clk 1:42:36]} exd4 {[%clk 1:39:42]} 9. Nxd4
{[%clk 1:42:58]} Nc5 {[%clk 1:40:05]} 10. Re1 {[%clk 1:35:27]} Re8
{[%clk 1:40:27]} 11. h3 {[%clk 1:32:38]} a5 {[%clk 1:40:49]} 12. Bf4
{[%clk 1:28:26]} Nfd7 {[%clk 1:35:11]} 13. Be3 {[%clk 1:25:35]} Ne5
{[%clk 1:25:28]} 14. Bf1 {[%clk 1:22:32]} Bd7 {[%clk 1:16:17]} 15. f4
{[%clk 1:20:20]} Nc6 {[%clk 1:15:53]} 16. Bg2 {[%clk 1:04:27]} Nxd4
{[%clk 1:08:08]} 17. Bxd4 {[%clk 1:04:44]} Bc6 {[%clk 1:07:28]} 18. Nd5
{[%clk 0:59:50]} Bxd5 {[%clk 1:02:37]} 19. cxd5 {[%clk 1:00:07]} Bxd4+
{[%clk 1:00:56]} 20. Qxd4 {[%clk 1:00:31]} Qd7 {[%clk 0:56:55]} 21. Re3
{[%clk 0:54:39]} Qa4 {[%clk 0:44:47]} 22. Qxa4 {[%clk 0:50:35]} Nxa4
{[%clk 0:44:23]} 23. b3 {[%clk 0:49:42]} Nc5 {[%clk 0:44:10]} 24. e5
{[%clk 0:49:40]} Re7 {[%clk 0:31:57]} 25. Rc1 {[%clk 0:48:12]} Rae8
{[%clk 0:25:00]} 26. Bf1 {[%clk 0:41:30]} Rd8 {[%clk 0:22:40]} 27. exd6
{[%clk 0:33:58]} Rxe3 {[%clk 0:18:15]} 28. dxc7 {[%clk 0:34:23]} Ne6
{[%clk 0:11:51]} 29. dxe6 {[%clk 0:29:08]} Rc8 {[%clk 0:12:14]} 30. Bg2
{[%clk 0:29:13]} Rxg3 {[%clk 0:09:45]} 31. e7 {[%clk 0:29:25]} 1-0

[Event "Hastings Masters 2016/17"]
[Site "Hastings, England"]
[Date "2017.01.03"]
[Round "7.8"]
[White "Siva, Mahadevan"]
[Black "Praggnanandhaa, R"]
[Result "0-1"]
[WhiteElo "2360"]
[BlackElo "2452"]
[PlyCount "0"]
[EventDate "2016.12.28"]

1. e4 {[%clk 1:40:51]} e5 {[%clk 1:40:37]} 2. Nf3 {[%clk 1:41:11]} Nc6
{[%clk 1:41:00]} 3. Bb5 {[%clk 1:41:30]} a6 {[%clk 1:41:21]} 4. Ba4
{[%clk 1:41:53]} Nf6 {[%clk 1:41:43]} 5. O-O {[%clk 1:42:15]} b5 {[%clk 1:42:02]}
6. Bb3 {[%clk 1:42:37]} Bb7 {[%clk 1:42:18]} 7. c3 {[%clk 1:34:06]} Nxe4
{[%clk 1:42:32]} 8. d4 {[%clk 1:34:27]} exd4 {[%clk 1:42:30]} 9. Re1
{[%clk 1:33:48]} d5 {[%clk 1:42:14]} 10. Ng5 {[%clk 1:33:53]} Qf6
{[%clk 1:42:12]} 11. Bxd5 {[%clk 1:01:40]} Qxf2+ {[%clk 1:41:49]} 12. Kh1
{[%clk 1:02:04]} O-O-O {[%clk 1:41:44]} 13. Nxe4 {[%clk 1:01:29]} Qf5
{[%clk 1:41:45]} 14. c4 {[%clk 0:38:48]} bxc4 {[%clk 1:41:32]} 15. Bxc4
{[%clk 0:39:08]} Ne5 {[%clk 1:41:36]} 16. Ng3 {[%clk 0:28:44]} Qf2
{[%clk 1:41:28]} 17. Bf1 {[%clk 0:29:10]} Nf3 {[%clk 1:34:13]} 18. gxf3
{[%clk 0:29:19]} Bxf3+ {[%clk 1:34:09]} 19. Qxf3 {[%clk 0:29:43]} Qxf3+
{[%clk 1:34:34]} 20. Bg2 {[%clk 0:30:08]} Qf6 {[%clk 1:21:25]} 21. Nd2
{[%clk 0:28:58]} Bb4 {[%clk 1:03:25]} 22. a3 {[%clk 0:22:59]} Ba5
{[%clk 0:58:26]} 23. Nde4 {[%clk 0:20:29]} Qg6 {[%clk 0:51:38]} 24. b4
{[%clk 0:19:40]} Bb6 {[%clk 0:50:40]} 25. Bd2 {[%clk 0:17:14]} h5
{[%clk 0:39:04]} 26. h4 {[%clk 0:11:34]} Kb8 {[%clk 0:35:19]} 27. Kh2
{[%clk 0:10:53]} Rhe8 {[%clk 0:32:36]} 28. Rac1 {[%clk 0:04:19]} d3
{[%clk 0:27:13]} 29. Nc5 {[%clk 0:02:45]} Qg4 {[%clk 0:20:13]} 30. Bh3
{[%clk 0:01:45]} Qxh4 {[%clk 0:19:10]} 31. Nce4 {[%clk 0:00:40]} Qe7
{[%clk 0:12:50]} 32. a4 {[%clk 0:00:43]} h4 {[%clk 0:12:09]} 33. Nf1
{[%clk 0:00:44]} Qe5+ {[%clk 0:10:56]} 34. Kh1 {[%clk 0:00:49]} Qd4
{[%clk 0:06:42]} 35. Nc5 {[%clk 0:00:50]} Re2 {[%clk 0:06:16]} 36. Nxa6+
{[%clk 0:00:34]} Ka7 {[%clk 0:06:17]} 37. Nc5 {[%clk 0:00:52]} Qd5+
{[%clk 0:06:05]} 38. Kg1 {[%clk 0:01:12]} Qf3 {[%clk 0:06:26]} 39. Rxe2
{[%clk 0:00:50]} dxe2 {[%clk 0:06:43]} 40. Bg2 {[%clk 0:01:11]} exf1=Q+
{[%clk 0:06:52]} 41. Rxf1 {[%clk 0:01:29]} Bxc5+ {[%clk 0:07:16]} 42. bxc5
{[%clk 0:01:46]} Qxf1+ {[%clk 0:07:40]} 0-1

[Event "Hastings Masters 2016/17"]
[Site "Hastings, England"]
[Date "2017.01.03"]
[Round "7.9"]
[White "Marusenko, Petr"]
[Black "Cheng, Bobby"]
[Result "1/2-1/2"]
[WhiteElo "2214"]
[BlackElo "2446"]
[PlyCount "0"]
[EventDate "2016.12.28"]

1. d4 {[%clk 1:40:57]} e6 {[%clk 1:40:54]} 2. c4 {[%clk 1:41:21]} f5
{[%clk 1:41:11]} 3. g3 {[%clk 1:41:46]} Nf6 {[%clk 1:41:37]} 4. Bg2
{[%clk 1:42:13]} d5 {[%clk 1:41:55]} 5. Nf3 {[%clk 1:42:35]} c6 {[%clk 1:42:09]}
6. O-O {[%clk 1:42:51]} Bd6 {[%clk 1:42:35]} 7. b3 {[%clk 1:43:13]} Qe7
{[%clk 1:43:03]} 8. a4 {[%clk 1:43:38]} a5 {[%clk 1:43:30]} 9. Ba3
{[%clk 1:44:00]} Bxa3 {[%clk 1:42:09]} 10. Nxa3 {[%clk 1:44:24]} O-O
{[%clk 1:42:29]} 11. Nc2 {[%clk 1:43:06]} b6 {[%clk 1:41:50]} 12. Ne5
{[%clk 1:41:15]} Bb7 {[%clk 1:41:32]} 13. e3 {[%clk 1:38:09]} Nbd7
{[%clk 1:37:16]} 14. Nd3 {[%clk 1:33:45]} Rac8 {[%clk 1:28:00]} 15. Nce1
{[%clk 1:32:45]} Ba6 {[%clk 1:10:16]} 16. Rc1 {[%clk 0:50:32]} c5
{[%clk 1:10:27]} 17. dxc5 {[%clk 0:50:11]} dxc4 {[%clk 1:09:44]} 18. bxc4
{[%clk 0:50:38]} Nxc5 {[%clk 1:09:28]} 19. Nxc5 {[%clk 0:50:56]} Rxc5
{[%clk 1:00:09]} 20. Qb3 {[%clk 0:34:18]} Qc7 {[%clk 0:31:58]} 21. Nd3
{[%clk 0:34:34]} Rxc4 {[%clk 0:32:09]} 22. Rfd1 {[%clk 0:30:12]} Rb8
{[%clk 0:26:29]} 23. Rb1 {[%clk 0:21:17]} Kh8 {[%clk 0:15:54]} 24. Nb2
{[%clk 0:09:39]} Rb4 {[%clk 0:06:36]} 25. Qxe6 {[%clk 0:09:40]} Qc2
{[%clk 0:06:42]} 26. Qd6 {[%clk 0:07:54]} Rc8 {[%clk 0:07:09]} 27. Qd2
{[%clk 0:06:39]} Qxd2 {[%clk 0:05:16]} 28. Rxd2 {[%clk 0:07:05]} Ne4
{[%clk 0:05:42]} 29. Bxe4 {[%clk 0:07:01]} fxe4 {[%clk 0:06:09]} 30. h4
{[%clk 0:04:44]} Kg8 {[%clk 0:06:18]} 31. Rd4 {[%clk 0:04:32]} Rxd4
{[%clk 0:05:04]} 32. exd4 {[%clk 0:05:00]} Kf7 {[%clk 0:05:28]} 33. Nd1
{[%clk 0:04:58]} Bd3 {[%clk 0:05:49]} 34. Ra1 {[%clk 0:04:48]} Rc4
{[%clk 0:03:11]} 35. d5 {[%clk 0:05:09]} Rb4 {[%clk 0:03:17]} 36. Ne3
{[%clk 0:04:50]} Ke7 {[%clk 0:02:52]} 37. Kg2 {[%clk 0:05:10]} h5
{[%clk 0:02:18]} 38. Rc1 {[%clk 0:04:49]} Kd7 {[%clk 0:01:10]} 39. Rc6
{[%clk 0:04:48]} Be2 {[%clk 0:01:04]} 40. g4 {[%clk 0:04:49]} Bxg4
{[%clk 0:00:58]} 41. Nxg4 {[%clk 0:05:11]} hxg4 {[%clk 0:01:24]} 42. Rg6
{[%clk 0:05:35]} Rxa4 {[%clk 0:46:16]} 43. Rxg7+ {[%clk 0:45:42]} Kd6
{[%clk 0:44:03]} 44. h5 {[%clk 0:45:30]} Rc4 {[%clk 0:44:30]} 45. Rg6+
{[%clk 0:45:43]} Kxd5 {[%clk 0:44:13]} 46. Rxb6 {[%clk 0:46:07]} a4
{[%clk 0:30:36]} 47. h6 {[%clk 0:45:16]} Ke5 {[%clk 0:25:10]} 1/2-1/2